000 00340nam a22001337a 4500
008 171101b xxu||||| |||| 00| 0 eng d
020 _a9780198283218
041 _aeng
080 _a339
100 _a59
101 _aTRE
245 _aTHE ECONOMICS INFORMATION OF MISSING MARKETS INFORMATION AND GAMES
_cHAHN.F
942 _2udc
_cBK
999 _c37047
_d37047